LEADER 00948nam0 22002531i 450 001 SUN0047931 005 20060717120000.0 100 $a20060717d1966 |0itac50 ba 101 $aita 102 $aIT 105 $a|||| ||||| 200 1 $aMunch$f[Eduard Huttinger], - Milano : Fabbri, c1966 210 $d[4] c., XVI p. di tav. : ill. ; 36 cm. 410 1$1001SUN0047922$12001 $aˆI ‰maestri del colore$v179$1210 $aMilano$cFabbri. 606 $aMUNCH, EDVARD$2FI$3SUNC017709 620 $dRoma$3SUNL000360 700 1$aMunch$b, Edvard$3SUNV038089$0191888 702 1$aHuttinger$b, Eduard$3SUNV038090 712 $aFabbri, Fabrizio$3SUNV000157$4650 801 $aIT$bSOL$c20181203$gRICA 912 $aSUN0047931 950 $aUFFICIO DI BIBLIOTECA DEL DIPARTIMENTO DI LETTERE E BENI CULTURALI$d07CONS Pc 1 179 $e07 53351 20060717 996 $aMunch$91106783 997 $aUNICAMPANIA LEADER 02871nam 2200625 a 450 001 9910462888703321 005 20200520144314.0 010 $a1-62103-945-5 035 $a(CKB)2670000000340944 035 $a(EBL)1113446 035 $a(OCoLC)808930470 035 $a(SSID)ssj0000855980 035 $a(PQKBManifestationID)11440447 035 $a(PQKBTitleCode)TC0000855980 035 $a(PQKBWorkID)10807483 035 $a(PQKB)11204011 035 $a(MiAaPQ)EBC1113446 035 $a(MdBmJHUP)muse25725 035 $a(MiAaPQ)EBC5122070 035 $a(Au-PeEL)EBL1113446 035 $a(CaPaEBR)ebr10678733 035 $a(CaONFJC)MIL838030 035 $a(Au-PeEL)EBL5122070 035 $a(CaONFJC)MIL470024 035 $a(EXLCZ)992670000000340944 100 $a20120830d2013 uy 0 101 0 $aeng 135 $aur|n|---||||| 181 $ctxt 182 $cc 183 $acr 200 00$aDave Sim$b[electronic resource] $econversations /$fedited by Eric Hoffman and Dominick Grace 210 $aJackson $cUniversity Press of Mississippi$d2013 215 $a1 online resource (271 p.) 225 1 $aConversations with comic artists 300 $aDescription based upon print version of record. 311 $a1-61703-781-8 320 $aIncludes bibliographical references and index. 327 $aCover; Contents; Introduction; Chronology; A Talk with an Aardvark; Dave Sim and Gerhard; Cerebus: An Interview with Dave Sim; Original Sim: The Dave Sim Interview; An Interview with Dave Sim and Gerhard; Sim Speaks; Dave Sim; Whatever It Is, I'm Against It; Dave Sim: 20 Years of Cerebus; Dave Sim; A Selection from the Yahoo Q&A Sessions; Selected Resources; Index; A; B; C; D; E; F; G; H; I; J; K; L; M; N; O; P; Q; R; S; T; U; V; W; X; Y; Z 330 $aIn 1977, Dave Sim (b. 1956) began to self-publish Cerebus, one of the earliest and most significant independent comics, which ran for 300 issues and ended, as Sim had planned from early on, in 2004. Over the run of the comic, Sim used it as a springboard to explore not only the potential of the comics medium but also many of the core assumptions of Western society. Through it he analyzed politics, the dynamics of love, religion, and, most controversially, the influence of feminism--which Sim believes has had a negative impact on society. Moreover, Sim inserted himself squarely into t 410 0$aConversations with comic artists. 606 $aCartoonists$zUnited States$vInterviews 608 $aElectronic books. 615 0$aCartoonists 676 $a741.5/971 676 $aB 701 $aHoffman$b Eric$f1976-$01051414 701 $aGrace$b Dominick$f1963-$01051415 801 0$bMiAaPQ 801 1$bMiAaPQ 801 2$bMiAaPQ 906 $aBOOK 912 $a9910462888703321 996 $aDave Sim$92481903 997 $aUNINA